| 000 | 01125nam a22003617a 4500 | ||
|---|---|---|---|
| 003 | CHAP | ||
| 005 | 20220329143459.0 | ||
| 008 | 100114s2006 mx r 00010 spa d | ||
| 010 | _a97285 | ||
| 011 | _a98257 | ||
| 020 | _a9709833065 | ||
| 035 | _a108941 | ||
| 040 | _cCHAP | ||
| 082 | 0 | 4 |
_a305.4 _bF41 |
| 100 | 1 |
_aFerrajoli, Luigi _940361 |
|
| 245 | 1 | 0 |
_aIgualdad y diferencia de género _c/por Luigi Ferrajoli y Miguel Carbonell |
| 260 |
_aMéxico, D.F. : _bCONAPRED, _c2006 |
||
| 300 |
_a87 p. : _bcuadros |
||
| 490 | 0 |
_aColección Miradas _v; 2 |
|
| 590 |
_aBATCH-UPD _b10 _c20130110 _lUCH01 _h1100 |
||
| 590 |
_aBATCH-UPD _b10 _c20130410 _lUCH01 _h0653 |
||
| 590 |
_aBATCH-UPD _b10 _c20130914 _lUCH01 _h0842 |
||
| 590 |
_aCONVERSION _b10 _c20130109 _lUCH01 _h1354 |
||
| 650 | 1 | 4 |
_aDerechos civiles. _931913 |
| 650 | 1 | 4 |
_aDerechos humanos. _931916 |
| 650 | 1 | 4 |
_aDiscriminación. _932713 |
| 650 | 1 | 4 |
_aValores. _9117671 |
| 700 | 0 |
_aCarbonell, Miguel. _918821 |
|
| 830 | 0 |
_aColección Miradas _v; 2 _924929 |
|
| 901 | _aBK | ||
| 942 | _cLIBRO | ||
| 949 |
_a305.4 F41 _bBC _cLIBRO _d33724002129512 _eLIBRO _h111586 _i108941 _sb |
||
| 999 |
_c97285 _d97285 |
||